000 01448nam a2200397 i 4500
001 ELB118657
003 FINmELB
005 20250326043020.0
006 m o u
007 cr cn|||||||||
008 191210s2017 ec ob 000 0 spa d
020 _a9789942063601
_q(e-book)
035 _a(OCoLC)1134695331
040 _aFINmELB
_bspa
_erda
_cFINmELB
050 1 4 _aKZ3410
_bS179 2017
080 _a341
082 0 4 _a341
_223
100 1 _aSaltos Saltos, María Gioconda.
245 1 0 _aManual de derecho internacional público /
_cGioconda Saltos Saltos.
250 _aSegunda edición.
264 1 _aQuito :
_bCorporación de Estudios y Publicaciones,
_c2017.
300 _a1 recurso en línea (161 páginas)
336 _atexto
_btxt
_2rdacontent/spa
337 _acomputadora
_bc
_2rdamedia/spa
338 _arecurso en línea
_bcr
_2rdacarrier/spa
504 _aContiene bibliografía.
588 _aDescripción basada en metadatos suministrados por el editor y otras fuentes.
590 _aRecurso electrónico. Santa Fe, Arg.: elibro, 2019. Disponible vía World Wide Web. El acceso puede estar limitado para las bibliotecas afiliadas a elibro.
650 0 _aInternational law.
650 4 _aDerecho internacional.
655 4 _aLibros electrónicos.
797 2 _aelibro, Corp.
856 4 0 _uhttps://elibro.net/ereader/usam/118657
999 _c138963
_d138963